Széchenyi műszaki alkotásai
Elmentve itt :
| Szerző: | |
|---|---|
| Dokumentumtípus: | Cikk |
| Megjelent: |
1942
|
| Sorozat: | Nevelésügyi szemle
6 No. 1-2 |
| Kulcsszavak: | Széchenyi István, Magyarország története - 19. sz. - életrajz |
| Online Access: | http://acta.bibl.u-szeged.hu/53417 |
| LEADER | 00611nab a2200169 i 4500 | ||
|---|---|---|---|
| 001 | acta53417 | ||
| 005 | 20260224081030.0 | ||
| 008 | 180322s1942 hu o 000 hun d | ||
| 040 | |a SZTE Egyetemi Kiadványok Repozitórium |b hun | ||
| 041 | |a hun | ||
| 100 | 1 | |a Jung Péter | |
| 245 | 1 | 0 | |a Széchenyi műszaki alkotásai |h [elektronikus dokumentum] / |c Jung Péter |
| 260 | |c 1942 | ||
| 300 | |a 7-18 | ||
| 490 | 0 | |a Nevelésügyi szemle |v 6 No. 1-2 | |
| 695 | |a Széchenyi István, Magyarország története - 19. sz. - életrajz | ||
| 856 | 4 | 0 | |u http://acta.bibl.u-szeged.hu/53417/1/nev_szem_006_001_002_007-018.pdf |z Dokumentum-elérés |